Central Library OPAC University of Rajshahi

Modern methods of plant analysis / (Record no. 71106)

MARC details
000 -LEADER
fixed length control field 00763nam a2200253 a 4500
001 - CONTROL NUMBER
control field 71106
003 - CONTROL NUMBER IDENTIFIER
rucl marc code BD-RJUL
005 - DATE AND TIME OF LATEST TRANSACTION
control field 20211209082058.0
008 - FIXED-LENGTH DATA ELEMENTS--GENERAL INFORMATION
fixed length control field 170426s1955 ge a 001 0 eng d
035 ## - SYSTEM CONTROL NUMBER
System control number (BD-RJUL) 71321
040 ## - CATALOGING SOURCE
Original cataloging agency GZD
Transcribing agency GZD
Modifying agency BD-RJUL
Language of cataloging eng
041 0# - LANGUAGE CODE
Language code of text/sound track or separate title engger
082 ## - DEWEY DECIMAL CLASSIFICATION NUMBER
Edition number 23
Classification number 581
Author mark and year MOD 1955
245 10 - TITLE STATEMENT
Title Modern methods of plant analysis /
Statement of responsibility, etc. Ed. by K. Paech [and] M.V. Tracey.
260 ## - PUBLICATION, DISTRIBUTION, ETC. (IMPRINT)
Place of publication, distribution, etc. Berlin :
Name of publisher, distributor, etc. Springer,
Date of publication, distribution, etc. 1955.
300 ## - PHYSICAL DESCRIPTION
Pagination V. :
Illustrations ill. ;
Size 22 cm.
500 ## - GENERAL NOTE
General note English and German ; added t.p. in German.
504 ## - BIBLIOGRAPHY, ETC. NOTE
Bibliography, etc Includes bibliographies.
505 0# - FORMATTED CONTENTS NOTE
Formatted contents note Vol.--2
650 #0 - SUBJECT ADDED ENTRY--TOPICAL TERM
Topical term or geographic name as entry element Botanical chemistry.
9 (RLIN) 121915
700 1# - ADDED ENTRY--PERSONAL NAME
Personal name Tracey, M. V.
Fuller form of name (Michael Vincent).
Personal name Ed. by Paech K.
942 ## - ADDED ENTRY ELEMENTS (KOHA)
Source of classification or shelving scheme Dewey Decimal Classification
Koha item type Books
Holdings
Lost status Source of classification or shelving scheme Damaged status Not for loan Collection code Permanent Location Current Location Shelving location Date acquired Source of acquisition Cost, normal purchase price Total Checkouts Full call number Date last seen Copy number Koha item type
  Dewey Decimal Classification   Not For Loan Non-fiction Central Library, University of Rajshahi Central Library, University of Rajshahi Reading Room 21/02/1964 Euro-Pak 180.00   581 MOD V-2 1955 26/04/2017 C-1 Books